Loading...
| History - American History | 0 | 6 | 2 | 1 | 50 | 42 | 74.33 | 0 | 3 |
| Religion | 0 | 4 | 0 | 1 | 40 | 67 | 83.25 | 0 | 2 |
| Painting/Sculpture | 0 | 4 | 1 | 1 | 35 | 67 | 92.50 | 0 | 1 |
| Social Science | 0 | 3 | 0 | 1 | 30 | 56 | 74.00 | 0 | 1 |
| Literature - World Literature | 0 | 2 | 0 | 0 | 20 | 91 | 96.00 | 0 | 0 |
| Fine Arts - Classical Music | 0 | 2 | 0 | 0 | 20 | 77 | 85.50 | 0 | 0 |
| Literature - American Literature | 0 | 2 | 0 | 1 | 20 | 96 | 106.50 | 0 | 0 |
| Literature - European Literature | 0 | 2 | 0 | 0 | 20 | 98 | 105.00 | 0 | 0 |
| Mythology | 0 | 2 | 0 | 0 | 20 | 56 | 69.50 | 0 | 1 |
| Pop Culture | 0 | 2 | 0 | 0 | 20 | 13 | 20.50 | 1 | 2 |
| Literature - British Literature | 0 | 1 | 0 | 0 | 10 | 115 | 115.00 | 0 | 0 |
| Science - Biology | 0 | 1 | 0 | 0 | 10 | 67 | 67.00 | 0 | 1 |
| History - Other History | 0 | 1 | 0 | 0 | 10 | 39 | 39.00 | 0 | 1 |
| Fine Arts - Other Fine Arts | 0 | 1 | 0 | 0 | 10 | 92 | 92.00 | 0 | 0 |
| History - European History | 0 | 1 | 0 | 0 | 10 | 71 | 71.00 | 0 | 1 |
| Current Events | 0 | 1 | 1 | 0 | 5 | 53 | 53.00 | 0 | 0 |
| Philosophy | 0 | 1 | 1 | 0 | 5 | 94 | 94.00 | 0 | 0 |
| Science - Chemistry | 0 | 0 | 0 | 0 | 0 | 0.00 | 0 | 0 |